02410njm a2200625 i 450000100060000000300090000600500170001500700150003200800410004702000150008804000360010304100080013904600090014708000130015608000280016908000120019710000480020924500340025726000400029130001190033133600390045033600360048933700230052533700260054833700630057433800320063733800360066938000110070538800140071649000590073050000430078950000960083250000790092850501200100760000360112764800140116365000300117765500280120765500320123565500310126765500260129865500230132465500370134765500210138465500110140570000420141670000410145870000410149971000530154071000290159383000580162294200120168099900170169295200750170934979KOSZ 00520240405063105.0sd fsngnnnmned061010s2005 pl munn i 000 0 d a8360004307 cKOSZ 005aKOSZ 005dKOSZ 005/AR0 apol k2005 a785(460) a780.8:780.611/.615(460) a(086.7)1 aRodrigo, Joaquínd(1901-1999)eKompozytor10aRodrigo /cJoaquín Rodrigo. aWarszawa :bMediasat Poland,c2005. a1 płyta CD (60 min 50 s) :bzapis cyfrowy, stereo ;c12 cm +e1 dodatek : 43 strony : ilustracje ; 13 cm x 14 cm. 2rdacontentaNagranie muzycznebprm 2rdacontent3DodatekaTekstbtxt 2rdamediaaAudiobs 2rdamediaaKomputerbc 2rdamedia3DodatekaBez urządzenia pośredniczącegobn 2rdacarrieraPłyta audiobd 2rdacarrier3DodatekaWoluminbc aMuzyka a1901-20001 aBiblioteka Gazety Wyborczej. Wielcy Kompozytorzy ;v24 aTekst komentarza: Łukasz Dobrowolski. aWykonanie: Royal Philharmonic Orchestra ; Jacek Kaspszyk, dyrygent ; Carlos Bonell, gitara. aNagranie: London & Sound Recording Technology, październik 1994, Anglia. aConcierto de Aranjuez, Fantasia para un gentilhombre, Pequeña sevillana, En los trigales, Sonata a la española.17aRodrigo, Joaquínd(1901-1999) 7a1901-2000 9aKompozytorzy hiszpańscy 7aDokumenty dźwiękowe 7aFantazja (utwór muzyczny) 7aKoncert (utwór muzyczny) 7aMuzyka instrumentalna 7aMuzyka na gitarę 7aMuzyka na gitarę i orkiestrę 7aMuzyka poważna 7aSonata1 aDobrowolski, ŁukaszeTekstd(1980- )1 aKaspszyk, Jacek.eDyrygentd(1952- )1 aBonell, Carlos.eWykonanied(1949- ) 2aRoyal Philharmonic Orchestra (Londyn)eWykonanie 2aMediasat PolandeWydawca 0aBiblioteka Gazety Wyborczej.pWielcy Kompozytorzyv24 cCD2UKD c34979d34979 00104071aBPKbBPKccg14.90oCD 1351p00336215t0/9(0.034.2) DeyCD